Joueurs de football avec le plus de sélections internationales. - Statistiques

Statistiques générales
  • Ce quiz a été pris 265 fois
    35 depuis la dernière actualisation
  • Le résultat moyen est 5 sur 15
Statistiques - réponses
Joueur % Correct
Cristiano Ronaldo
100%
Lionel Messi
100%
Luka Modrić
91%
Gianluigi Buffon
62%
Sergio Ramos
56%
Andrés Guardado
12%
Ahmed Hassan
9%
Claudio Suárez
9%
Soh Chin Ann
6%
Ahmed Moubarak
3%
Amer Shafi
3%
Bader Al-Mutawa
3%
Hassan Al Haydos
3%
Maynor Figueroa
3%
Mohamed Al-Deayea
3%
Aucun quiz correspondant
Distribution des résultats
% des personnes avec chaque résultat
Percentile par nombre de réponses
Votre historique - résultats
Vous n’avez pas pris ce quiz depuis la dernière actualisation